Theoretical issues in psychology : an introduction (Record no. 59723)

MARC details
000 -LEADER
fixed length control field 00838nam a2200265 a 4500
003 - CONTROL NUMBER IDENTIFIER
control field CBULib
005 - DATE AND TIME OF LATEST TRANSACTION
control field 20240829072210.0
008 - FIXED-LENGTH DATA ELEMENTS--GENERAL INFORMATION
fixed length control field 150520s2013 ||||||||||||||||| || u
020 ## - INTERNATIONAL STANDARD BOOK NUMBER
International Standard Book Number 9780857029799
040 ## - CATALOGING SOURCE
Language of cataloging English
Transcribing agency CBULib
Description conventions rda
050 ## - LIBRARY OF CONGRESS CALL NUMBER
Classification number BF 38 Bem
100 ## - MAIN ENTRY--PERSONAL NAME
Personal name De Jong, Huib Lorren
245 10 - TITLE STATEMENT
Title Theoretical issues in psychology : an introduction
Statement of responsibility, etc / by Sacha Bem and Huib Looren De Jong
250 ## - EDITION STATEMENT
Edition statement Third edition
260 ## - PUBLICATION, DISTRIBUTION, ETC. (IMPRINT)
Place of publication, distribution, etc Los Angeles :
Name of publisher, distributor, etc SAGE Publications,
Date of publication, distribution, etc 2013
300 ## - PHYSICAL DESCRIPTION
Extent xi, 400 pages : illustrations
336 ## - CONTENT TYPE
Source rdacontent
Content type term Text |
Content type code txt
337 ## - MEDIA TYPE
Source rdamedia
Media type term Unmediated |
Media type code n
338 ## - CARRIER TYPE
Source rdacarrier
Carrier type term Volume
Carrier type code nc
650 #0 - SUBJECT ADDED ENTRY--TOPICAL TERM
Topical term or geographic name as entry element PHILOSOPHY OF MIND
9 (RLIN) 801
650 #0 - SUBJECT ADDED ENTRY--TOPICAL TERM
Topical term or geographic name as entry element PSYCHOLOGY
9 (RLIN) 306
700 ## - ADDED ENTRY--PERSONAL NAME
Personal name Bem, Sacha
942 ## - ADDED ENTRY ELEMENTS (KOHA)
Source of classification or shelving scheme
Koha item type MONOGRAPH
Holdings
Withdrawn status Lost status Source of classification or shelving scheme Damaged status Not for loan Permanent Location Current Location Shelving location Date acquired Total Checkouts Full call number Barcode Date last seen Price effective from Koha item type Collection code Source of acquisition Copy number Cost, normal purchase price
          CBU-MAIN LIBRARY, KITWE. CBU-MAIN LIBRARY, KITWE.   11/30/2022   BF 38 Bem 745354 11/30/2022 11/30/2022 MONOGRAPH        
          CBU-MPIKA LIBRARY, MPIKA CAMPUS. CBU-MAIN LIBRARY, KITWE. General Stacks 08/30/2023   BF 38 Bem 752269 08/30/2023 08/30/2023 MONOGRAPH Mpika Library Collection DON-BOOKAID 2  
          CBU-MAIN LIBRARY, KITWE. CBU-MAIN LIBRARY, KITWE. General Stacks 10/13/2023   BF 38 Bem 752270 10/13/2023 10/13/2023 MONOGRAPH Main Library Open Access Collection DON-BOOKAID 3 68.49
          CBU-MAIN LIBRARY, KITWE. CBU-MAIN LIBRARY, KITWE. General Stacks 10/13/2023   BF 38 Bem 752271 10/13/2023 10/13/2023 MONOGRAPH Main Library Open Access Collection DON-BOOKAID 4 68.49
          CBU- LUSAKA CAMPUS CBU-MAIN LIBRARY, KITWE. General Stacks 08/29/2024   BF 38 Bem 752272 08/29/2024 08/29/2024 MONOGRAPH CBU-Lusaka Campus DON-BOOKAID 5